Research Methodology in physical Education & Sports/ (Record no. 206808)
[ view plain ]
| 000 -LEADER | |
|---|---|
| fixed length control field | 00635nam a22002057a 4500 |
| 005 - DATE AND TIME OF LATEST TRANSACTION | |
| control field | 20241028142525.0 |
| 010 ## - LCCN (DPL NO) | |
| LC control number | ENG-142480 |
| 020 ## - INTERNATIONAL STANDARD BOOK NUMBER | |
| Terms of availability | 695.00 |
| International Standard Book Number | 9788182473744 |
| 035 ## - SYSTEM CONTROL NUMBER | |
| System control number | EN-126012 |
| 037 ## - SOURCE OF ACQUISITION | |
| Source of stock number/acquisition | DBAD/PUB |
| 082 ## - DEWEY DECIMAL CLASSIFICATION NUMBER | |
| Classification number | 796 |
| 100 ## - MAIN ENTRY--PERSONAL NAME | |
| Personal name | Singh, R.K. |
| 245 ## - TITLE STATEMENT | |
| Title | Research Methodology in physical Education & Sports/ |
| Statement of responsibility, etc | by R. K. Singh |
| 250 ## - EDITION STATEMENT | |
| Edition statement | 1 |
| 260 ## - PUBLICATION, DISTRIBUTION, ETC. (IMPRINT) | |
| Place of publication, distribution, etc | Haryana |
| Name of publisher, distributor, etc | Delhi Book Bureau |
| Date of publication, distribution, etc | 2012 |
| 270 ## - ADDRESS | |
| City | Haryana |
| Address | S.C.O. 43, First Floor Swastik Vihar MDC Panchkula |
| Postal code | 110027 |
| 300 ## - PHYSICAL DESCRIPTION | |
| Extent | 253p. |
| Dimensions | 21cm(hbk) |
| 700 ## - ADDED ENTRY--PERSONAL NAME | |
| Personal name | Naresh Kumar Ambastha |
| Relator term | Author |
| 9 (RLIN) | 73551 |
| 942 ## - ADDED ENTRY ELEMENTS (KOHA) | |
| Source of classification or shelving scheme | Dewey Decimal Classification |
| Item type | English Books |
| Classification part | 796 |
| Call number suffix | SIN |
| Withdrawn status | Lost status | Not for loan | Collection code | Home library | Current library | Date acquired | Source of acquisition | Cost, normal purchase price | Full call number | Barcode | Copy number | Cost, replacement price | Koha item type |
|---|---|---|---|---|---|---|---|---|---|---|---|---|---|
| Non-fiction | Bawana | Bawana | 28/10/2024 | DBAD | 695.00 | 796 SIN | EN-126012 | 1 | 695.00 | English Books |
